Bài tập địa lí 6
Sách Bài tập địa lý 6 giúp học sinh hiểu và nắm chắc các kiến thức cơ bản của từng bài học trong sách giáo khoa địa lí 6 gồm hai phần: câu hỏi và bài tập; đáp án
Sparad:
| Huvudupphovsman: | |
|---|---|
| Materialtyp: | Bok |
| Språk: | Undetermined |
| Publicerad: |
Hà Nội
Giáo dục Việt Nam
2015
|
| Ämnen: | |
| Taggar: |
Lägg till en tagg
Inga taggar, Lägg till första taggen!
|
| Thư viện lưu trữ: | Trung tâm Học liệu Trường Đại học Cần Thơ |
|---|
| LEADER | 00900nam a2200217Ia 4500 | ||
|---|---|---|---|
| 001 | CTU_217262 | ||
| 008 | 210402s9999 xx 000 0 und d | ||
| 020 | |c 6800 | ||
| 082 | |a 910.76 | ||
| 082 | |b H100 | ||
| 100 | |a Trần, Trọng Hà | ||
| 245 | 0 | |a Bài tập địa lí 6 | |
| 245 | 0 | |c Trần Trọng Hà, Nguyễn Đức Toàn | |
| 260 | |a Hà Nội | ||
| 260 | |b Giáo dục Việt Nam | ||
| 260 | |c 2015 | ||
| 520 | |a Sách Bài tập địa lý 6 giúp học sinh hiểu và nắm chắc các kiến thức cơ bản của từng bài học trong sách giáo khoa địa lí 6 gồm hai phần: câu hỏi và bài tập; đáp án | ||
| 650 | |a Địa lí,Geography | ||
| 650 | |x Dạy và học (Trung học),Study and teaching (Secondary) | ||
| 904 | |i Nhi,Hải | ||
| 980 | |a Trung tâm Học liệu Trường Đại học Cần Thơ | ||